• 首页
  • 本馆介绍
  • 公告通知
  • 最新文献
  • 馆藏检索
  • 电子资源
  • 读者导购
  • 参考咨询
  • 我的图书馆
  • 登录
  • 详细信息显示
  • 放入我的书架
  • 预约/预借图书
  • 作者相关作品
  • 分类相关作品
  • 丛书相关作品
  • 出版社相关作品

书目信息

  • 表格格式
  • 工作单格式
  • 卡片格式
题名:
图书发行教程
    
 
作者: 罗紫初 著
分册:  
出版信息: 沈阳   辽宁教育出版社  1995
页数: 423页
开本: 20cm
丛书名:
单 册:
中图分类: G235
科图分类: 37.56
主题词: 图书发行学--高等教育--教材
电子资源:
ISBN: 7-5382-3980-4
000 00728nnam 2200241 45
001 0196009639
005 20070724103520.04
010    @a7-5382-3980-4@dCNY18.00
100    @a19950625d1995 em y0chiy0121 ea
101 0  @achi
102    @aCN@b210000
105    @ay z 000yy
200 10 @a图书发行教程@ATU SHU FA XING JIAO CHENG@f罗紫初著@FLUO ZI CHU ZHU
210    @a沈阳@c辽宁教育出版社@d1995@h1996
215    @a423页@d20cm
300    @a国家教委“八五”规划教材 新闻出版署专业系列教材重点项目 普通高等教育编辑出版类规划教材
540 1  @a发行@AFA XING
606    @a图书发行学@x高等教育@x教材
690    @aG235
692    @a37.56
701  0 @a罗紫初@ALUO ZI CHU@4著
801  0 @aCN@bTSSF@c20070724
905    @a10447@dG235@e44
    
    图书发行教程/罗紫初著.-沈阳:辽宁教育出版社,1995(1996)
    423页;20cm
    国家教委“八五”规划教材 新闻出版署专业系列教材重点项目 普通高等教育编辑出版类规划教材
    
    ISBN 7-5382-3980-4:CNY18.00
    
●
相关链接 在E读中查询图书 在五车中查询图书 在当当中查询图书 在豆瓣中查询图书


正题名:图书发行教程     索取号:G235/44         预约/预借

序号 登录号 条形码 馆藏地/架位号 状态 备注
1 0766567   207665677   第一样本阅览室/ [索取号:G235/44] 在馆    
唐山师范学院图书馆 欢迎您!
大连网信软件有限公司© 版权所有